000 00818nam a2200253Ia 4500
003 OSt
005 20221005081819.0
006 a|||||r|||| 00| 0
007 ta
008 221004b |||||||| |||| 00| 0 eng d
020 _a9788178299365 (pbk)
_c195
024 _a98098
037 _b011, 02/09/2009, Independent Publishers Group
_cTextual
040 _aCRL
_cCRL
_beng
041 _2eng
_aeng
082 _aV:19, P8
100 _aDasgupta Amit Ed.
_943398
245 0 _aStrategic shape of the world
_b Proceedings of MEA-IISS foreign policy dialogue
260 _aNew Delhi
_bSage India
_c2008
300 _aviii,124p.
_ccm.
650 _aINTERNATIONAL RELATIONS
942 _hV:19, P8
_cTEXL
_2cc
999 _c988318
_d988318